000 00687nam a2200253Ia 4500
003 OSt
005 20221006144703.0
006 a|||||r|||| 00| 0
007 ta
008 221006b |||||||| |||| 00| 0 eng d
020 _c
_5.99
024 _a12,368
037 _cTextual
040 _aEASL
_cEASL
_beng
041 _2eng
_aeng
082 _aV41.N67, L2
100 _aSCHELL Oeville
_9480898
245 0 _aModern China
_b Story of a revolution
260 _aNew York
_bAlfered A Knopf
_c1972
300 _a151p.
_ccm.
700 _a Esherick Joseph
_9652612
942 _hV41.N67, L2
_cTEXL
_2CC
999 _c1080454
_d1080454